[Event "IECC O-2662"]
[Site "IECC email"]
[Date "2007.09.29"]
[Round "?"]
[White "Redpath, Alan"]
[Black "Schofield, Antony"]
[Result "1-0"]
[WhiteElo "1010"]
[BlackElo "1025"]
[PlyCount "57"]
[EventDate "2007.??.??"]
[EventType "swiss (corr)"]
[EventRounds "2"]
[SourceTitle "Corr 2020"]
[Source "ChessBase"]
[SourceDate "2019.09.30"]
[SourceVersion "1"]
[SourceVersionDate "2019.09.30"]
[SourceQuality "1"]
[WhiteTeam "Australia"]
[BlackTeam "England"]
[WhiteTeamCountry "AUS"]
[BlackTeamCountry "ENG"]

1. d4 Nf6 2. Nc3 d5 3. Bg5 Nc6 4. Bxf6 gxf6 5. Nxd5 Qxd5 6. e3 e5 7. Nf3 Bf5 8. c4 Qa5+ 9. Ke2 0-0-0 10. d5 Qa6 11. b3 Bc5 12. Nh4 Be4 13. f3 Rxd5 14. Qc1 Bd3+ 15. Kf2 Re8 16. cxd5 Nb4 17. Qxc5 Bxf1 18. Kg3 Rg8+ 19. Kh3 Nd3 20. Qc2 Nb4 21. Qd2 Bb5 22. Qxb4 Bd7+ 23. g4 h5 24. Rhg1 hxg4+ 25. fxg4 Qd3 26. Nf5 Qxd5 27. Ne7+ Kb8 28. Nxd5 c6 29. Nxf6 1-0

[Event "IECC O-2420"]
[Site "IECC email"]
[Date "2006.07.23"]
[Round "?"]
[White "Zeppenfeldt, Elgin"]
[Black "Redpath, Alan"]
[Result "1-0"]
[WhiteElo "1026"]
[BlackElo "1021"]
[PlyCount "51"]
[EventDate "2006.??.??"]
[EventType "swiss (corr)"]
[EventRounds "2"]
[SourceTitle "Corr 2008"]
[Source "ChessBase"]
[SourceDate "2008.06.24"]
[SourceVersion "1"]
[SourceVersionDate "2008.06.24"]
[SourceQuality "1"]

1. Nf3 d6 2. c4 e5 3. Nc3 Be6 4. d4 Bxc4 5. Qa4+ b5 6. Nxb5 Bxb5 7. Qxb5+ Qd7 8. Qxd7+ Nxd7 9. e4 a6 10. d5 Ngf6 11. Nd2 Be7 12. f3 0-0 13. Nb3 Rfb8 14. Bd2 Nb6 15. Na5 Rc8 16. Nc6 Kf8 17. Rc1 Nh5 18. g3 Nd7 19. Bh3 Ke8 20. Ke2 g6 21. Rc2 Rcb8 22. Nxb8 Rxb8 23. Rxc7 Nc5 24. b4 Bd8 25. Rc6 Nb7 26. Rc8 1-0